Bible or Shakespeare Character? Quiz Stats

 Plays Quiz Updated Jul 14, 2016

Challenge
Share
Tweet
Embed
Score 0/40 Timer 05:00
0 Plays Today
Name B or S % Correct
Mercutio???
86.4%
Zebedee???
84%
Banquo???
83.6%
Delilah???
83.2%
Rosalind???
82.5%
Zipporah???
81.8%
Barabbas???
81.6%
Haman???
80.5%
Desdemona???
80.2%
Fortinbras???
79.6%
Asaph???
79.1%
Biondello???
77.5%
Valentine???
76.8%
Laban???
75.3%
Leontes???
75%
Miranda???
74.4%
Fabian???
73.1%
Silas???
72.4%
Goneril???
71.5%
Flavius???
71.5%
Name B or S % Correct
Nimrod???
71.3%
Jairus???
69.6%
Bartimaeus???
69.3%
Gamaliel???
69.1%
Ursula???
66.9%
Vashti???
60.9%
Agabus???
60.5%
Theophilus???
60%
Cerimon???
57.6%
Priam???
57.3%
Onesimus???
56.7%
Egeon???
56.5%
Cleopas???
55.8%
Jachimo???
54.8%
Eunice???
54.2%
Tamora???
49.7%
Chedorlaomer???
49%
Abhorson???
44.1%
Messala???
43.7%
Drusilla???
32.2%

You're not logged in!

Compare scores with friends on all Sporcle quizzes.
Join for Free
OR
Log In

You Might Also Like...

Show Comments

Extras

Top Quizzes Today


Score Distribution

Your Account Isn't Verified!

In order to create a playlist on Sporcle, you need to verify the email address you used during registration. Go to your Sporcle Settings to finish the process.

Report this User

Report this user for behavior that violates our Community Guidelines.

Details: